| 000 | 01283cam a2200313 a 4500 | ||
|---|---|---|---|
| 999 |
_c529253 _d529253 |
||
| 001 | 12923629 | ||
| 005 | 20190923143939.0 | ||
| 008 | 020909s2003 caua b 001 0 eng | ||
| 010 | _a 2002112826 | ||
| 020 | _a0534407617 | ||
| 035 | _a(DLC) 2002112826 | ||
| 040 |
_aDLC _cDLC _dDLC |
||
| 050 | 0 | 0 |
_aQA297 _b.F35 2003 |
| 082 | 0 | 0 |
_a519.4 _222 _bFAI |
| 100 | 1 |
_aFaires, J. Douglas. _97190 |
|
| 245 | 1 | 0 |
_aNumerical methods / _cJ. Douglas Faires, Richard Burden. |
| 250 | _a3rd ed. | ||
| 260 |
_aPacific Grove, CA : _bThomson/Brooks/Cole, _cc2003. |
||
| 300 |
_a640 p. : _bill. (some col.) ; _c25 cm. + |
||
| 504 | _aIncludes bibliographical references (p. 539-544) and index. | ||
| 650 | 0 |
_aNumerical analysis. _9103 |
|
| 700 | 1 |
_aBurden, Richard L. _97191 |
|
| 856 | 4 | 2 |
_3Contributor biographical information _uhttp://www.loc.gov/catdir/enhancements/fy1103/2002112826-b.html |
| 856 | 4 | 2 |
_3Publisher description _uhttp://www.loc.gov/catdir/enhancements/fy1103/2002112826-d.html |
| 856 | 4 | 1 |
_3Table of contents only _uhttp://www.loc.gov/catdir/enhancements/fy1103/2002112826-t.html |
| 906 |
_a7 _bcbc _corignew _d2 _eepcn _f20 _gy-gencatlg |
||
| 942 |
_2ddc _cBK |
||